000 00832nam a22002417a 4500
999 _c1235
_d1235
003 AR-CdUCM
008 190226b ||||| |||| 00| 0 spa d
040 _aMUNICIPALIDAD PROVINCIAL DEL CUSCO
_cBIBLIOTECA MUNICIPAL DEL CUSCO
082 _a848.9 /
_bV39
100 _aVelasquez, Gerardo
_94812
245 _aRubor Helado /
_cVelasquez, Gerardo
260 _aMexico :
_bInstituto Politecnico Nacional,
_c1987.
300 _a131 paginas ;
_bil,
_c25cm.
505 _aVia libre -- El cuarto mas Tranquilo-- Hasta hacernos Polvos Juntos -- Las viudas -- Sobre las lunas
650 _aEnsayo
_9274
650 _aTeatro
_9173
650 _aArtes escenicas
_94813
650 _aLiteratura
_983
700 _aPartida Taizan, Armando
_94814
700 _aRamirez Aguilar, Abel
_94815
942 _2ddc
_cLIBROS
945 _apjha
_d2019-02-26